[Event "52nd Biel Grandmaster 2019"]
[Site "Biel SUI"]
[Date "2019.07.25"]
[Round "4"]
[White "Shankland, S."]
[Black "Maghsoodloo, Parham"]
[Result "1-0"]
[WhiteElo "2713"]
[BlackElo "2656"]
[PlyCount "51"]
[EventDate "2019.07.20"]

1. e4 c5 2. Nf3 Nc6 3. d4 cxd4 4. Nxd4 Nf6 5. Nc3 d6 6. Bg5 e6 7. Qd2 a6 8.
O-O-O Bd7 9. f4 Be7 10. Nf3 b5 11. a3 b4 12. axb4 Nxb4 13. Kb1 h6 14. Bh4 Rb8
15. e5 dxe5 16. Nxe5 Rb7 17. Bc4 Bb5 18. Qxd8+ Bxd8 19. Nxb5 axb5 20. Bxb5+
Rxb5 21. Rxd8+ Kxd8 22. Nxf7+ Ke7 23. Nxh8 g5 24. Ng6+ Kf7 25. Ne5+ Kg7 26. c4
1-0

[Event "52nd Biel Grandmaster 2019"]
[Site "Biel SUI"]
[Date "2019.07.25"]
[Round "4"]
[White "Leko, P."]
[Black "Abdusattorov, Nodirbek"]
[Result "1/2-1/2"]
[WhiteElo "2674"]
[BlackElo "2598"]
[PlyCount "110"]
[EventDate "2019.07.20"]

1. d4 Nf6 2. c4 e6 3. Nf3 b6 4. g3 Bb7 5. Bg2 Be7 6. O-O O-O 7. Nc3 Ne4 8. Bd2
Bf6 9. Re1 Nxd2 10. Qxd2 d6 11. e4 g6 12. Rad1 Nd7 13. e5 Bg7 14. Qf4 Qe7 15.
exd6 cxd6 16. Nb5 e5 17. Qh4 Qxh4 18. Nxh4 Bxg2 19. Kxg2 a6 20. Nxd6 exd4 21.
Nf3 Rfd8 22. Nxd4 Ne5 23. Nc2 Rd7 24. b4 Rad8 25. c5 bxc5 26. bxc5 Rc7 27. Ne4
Nd3 28. Kf1 f5 29. Ng5 Rcc8 30. Re2 Nxc5 31. Rxd8+ Rxd8 32. Nb4 Bf8 33. Rc2
Rd1+ 34. Ke2 Rd4 35. Nc6 Ra4 36. f3 Ra3 37. Nb4 h6 38. Nh3 Ne6 39. Nc6 Bc5 40.
f4 Re3+ 41. Kf1 Kg7 42. Nd8 Nxd8 43. Rxc5 Ra3 44. Rc2 Ne6 45. Ng1 g5 46. Ne2
gxf4 47. gxf4 Kf6 48. Rb2 a5 49. Rb6 Ra4 50. Ra6 Ke7 51. Nc3 Rxf4+ 52. Kg1 Rg4+
53. Kf1 Rf4+ 54. Kg1 Rg4+ 55. Kf1 Rf4+ 1/2-1/2

[Event "52nd Biel Grandmaster 2019"]
[Site "Biel SUI"]
[Date "2019.07.25"]
[Round "4"]
[White "Georgiadis, N."]
[Black "Vidit, S."]
[Result "1/2-1/2"]
[WhiteElo "2514"]
[BlackElo "2703"]
[PlyCount "132"]
[EventDate "2019.07.20"]

1. d4 Nf6 2. c4 g6 3. Nc3 d5 4. cxd5 Nxd5 5. e4 Nxc3 6. bxc3 Bg7 7. Nf3 c5 8.
Bb5+ Nd7 9. O-O O-O 10. Re1 Nb6 11. a4 Bg4 12. a5 Nc8 13. e5 cxd4 14. cxd4 a6
15. Be2 Na7 16. d5 Nb5 17. Bb2 Rc8 18. Qb3 Bxf3 19. Bxf3 Rc5 20. Qb4 Qc7 21.
Rac1 Rc8 22. g3 b6 23. Ba3 Qb7 24. axb6 Rxc1 25. Rxc1 Nxa3 26. Rxc8+ Qxc8 27.
Qxa3 Bxe5 28. Qxe7 Qb8 29. Qa7 a5 30. Qa6 Kg7 31. b7 a4 32. d6 Qxd6 33. Qxa4
Qb6 34. Kg2 Bb8 35. Bd5 Qd6 36. Qc4 Qc7 37. Qe4 Qe5 38. Qd3 h5 39. h4 Qd6 40.
Qb3 Qf6 41. Qa4 Qd6 42. Bb3 Qb6 43. Bd5 Qd6 44. Qd4+ Qe5 45. Qxe5+ Bxe5 46. Kf3
Bb8 47. Ke3 Kf6 48. Kd4 Ke7 49. Kc5 Ke8 50. Kb6 Ke7 51. Ba2 Ke8 52. Bc4 Ke7 53.
Bb3 Ke8 54. f3 Ke7 55. g4 hxg4 56. fxg4 Ke8 57. Kc6 Ke7 58. g5 Ke8 59. Kc5 Ke7
60. Kd4 Kf8 61. Ke3 Bc7 62. Kf3 Kg7 63. Kg4 Bb8 64. h5 gxh5+ 65. Kxh5 f6 66. g6
f5 1/2-1/2

[Event "Chinese League (Division A) 2019"]
[Site "China"]
[Date "2019.07.24"]
[Round "8"]
[White "Jakovenko, Dmitry"]
[Black "Xu, Yi"]
[Result "0-1"]
[WhiteElo "2711"]
[BlackElo "2524"]
[PlyCount "68"]
[EventDate "2019.04.09"]
[WhiteTeam "Hangzhou Bank Team"]
[BlackTeam "China Mobil Shanghai Chess Club"]

1. e4 e5 2. Nf3 Nf6 3. Nxe5 d6 4. Nf3 Nxe4 5. Nc3 Nxc3 6. dxc3 Be7 7. Be3 O-O
8. Qd2 Nd7 9. O-O-O Nf6 10. Kb1 c5 11. Bd3 Qa5 12. Ng5 h6 13. h4 d5 14. f3 c4
15. Bf1 Rd8 16. Qf2 Bd7 17. g4 Rac8 18. Nh3 Rc6 19. g5 Nh5 20. gxh6 Ra6 21. Kc1
Qxa2 22. Ng5 Rxh6 23. Nxf7 Kxf7 24. Bxh6 gxh6 25. Rxd5 Be6 26. Rxd8 Bxd8 27.
Qc5 Ng3 28. Bh3 Qa1+ 29. Kd2 Qxh1 30. Bxe6+ Kxe6 31. Qxc4+ Kf6 32. Qd4+ Kg6 33.
Qd6+ Kh5 34. Qxd8 Qxf3 0-1

[Event "Chinese League (Division A) 2019"]
[Site "China"]
[Date "2019.07.24"]
[Round "8"]
[White "Bai, Jinshi"]
[Black "Matlakov, Maxim"]
[Result "0-1"]
[WhiteElo "2606"]
[BlackElo "2701"]
[PlyCount "94"]
[EventDate "2019.04.09"]
[WhiteTeam "Hangzhou Bank Team"]
[BlackTeam "China Mobil Shanghai Chess Club"]

1. d4 Nf6 2. c4 e6 3. Nf3 b6 4. a3 Bb7 5. Nc3 d5 6. Bf4 dxc4 7. e3 Nd5 8. Bxc4
Nxc3 9. bxc3 Bd6 10. Bg3 O-O 11. O-O Nd7 12. a4 Bxg3 13. hxg3 c5 14. a5 Qc7 15.
Bb5 Nf6 16. Ne5 bxa5 17. Qa4 Ne4 18. Rfc1 Rfc8 19. Bd7 Rd8 20. Rab1 Rab8 21.
Bc6 Nxc3 22. Rxc3 Bxc6 23. Qa1 Rxb1+ 24. Qxb1 cxd4 25. exd4 Be4 26. Rxc7 Bxb1
27. Rxf7 Be4 28. f3 Bd5 29. Rxa7 Ra8 30. Rxa8+ Bxa8 31. Nc4 a4 32. g4 Bd5 33.
Na3 Kf7 34. Kf2 Kf6 35. Ke3 e5 36. g5+ Kxg5 37. dxe5 Kf5 38. Kd4 Be6 39. g3 h5
40. Nb5 g5 41. Nd6+ Kg6 42. Ne4 a3 43. Kc3 Bd5 44. Nd2 Kf5 45. g4+ hxg4 46.
fxg4+ Kxe5 47. Nf1 Kf4 0-1

[Event "Chinese League (Division A) 2019"]
[Site "China"]
[Date "2019.07.24"]
[Round "8"]
[White "Andreikin, Dmitry"]
[Black "Lin, Yi"]
[Result "1-0"]
[WhiteElo "2727"]
[BlackElo "2406"]
[PlyCount "157"]
[EventDate "2019.04.09"]
[WhiteTeam "Chongqing Sports lottery chess team"]
[BlackTeam "Hangzhou Hongda team"]

1. e4 e5 2. Nf3 Nf6 3. Nxe5 d6 4. Nf3 Nxe4 5. Nc3 Nxc3 6. dxc3 Be7 7. Be3 Nc6
8. Qd2 Be6 9. O-O-O Qd7 10. a3 h6 11. Be2 Rg8 12. c4 Bf6 13. Nd4 Nxd4 14. Bxd4
Bxd4 15. Qxd4 Qc6 16. Rhe1 Qb6 17. Qh4 g5 18. Qg3 O-O-O 19. Bg4 Bxg4 20. Qxg4+
Kb8 21. Qf5 Qc6 22. Qd5 Qxd5 23. Rxd5 Rde8 24. Rxe8+ Rxe8 25. Rf5 Re1+ 26. Kd2
Rg1 27. Rxf7 b6 28. g3 Rh1 29. Rh7 Rxh2 30. Ke2 Rh1 31. Kf3 Rh2 32. g4 a5 33.
Kg3 Rh1 34. Kg2 Rh4 35. f3 Kb7 36. a4 Kc6 37. b3 Kb7 38. Rf7 Kc6 39. Rg7 Kb7
40. Rh7 Kc6 41. Rf7 Kb7 42. Rf5 Kc6 43. c3 Kb7 44. b4 axb4 45. cxb4 Ka6 46. Rf7
Kb7 47. Rg7 Kc6 48. Rg6 Kb7 49. Rg8 Ka7 50. Rg7 Kb7 51. Rh7 Kc6 52. b5+ Kb7 53.
Rh8 Ka7 54. Kf2 Kb7 55. Ke3 Rh1 56. Ke4 Rh3 57. Rf8 Rg3 58. Rf6 Rh3 59. Rf7 Rg3
60. Kd5 Rg1 61. Rf6 Rh1 62. Ke6 Kc8 63. Rf8+ Kb7 64. Kf5 Rh3 65. Kg6 c5 66. Rh8
Rxf3 67. Rxh6 Rf4 68. Kxg5 Rxc4 69. Kf5 Rc1 70. Rh7+ Kc8 71. g5 Rf1+ 72. Ke6
Rg1 73. Kd5 Rxg5+ 74. Kc6 Rg8 75. Kxb6 Kb8 76. a5 c4 77. a6 c3 78. a7+ Ka8 79.
Ka6 1-0

[Event "Chinese League (Division A) 2019"]
[Site "China"]
[Date "2019.07.24"]
[Round "8"]
[White "Peng, Xiongjian"]
[Black "Yu, Yangyi"]
[Result "0-1"]
[WhiteElo "2467"]
[BlackElo "2736"]
[PlyCount "154"]
[EventDate "2019.04.09"]
[WhiteTeam "Chongqing Jiulongpo Yucai Chess team"]
[BlackTeam "Beijing team"]

1. e4 c6 2. d4 d5 3. Nc3 dxe4 4. Nxe4 Nf6 5. Nxf6+ exf6 6. Bc4 Bd6 7. Ne2 O-O
8. O-O c5 9. dxc5 Bxc5 10. Nc3 Nc6 11. Bf4 Bd4 12. Bb3 Bxc3 13. bxc3 Be6 14.
Re1 Re8 15. Re3 Qxd1+ 16. Rxd1 Rac8 17. h4 h5 18. f3 Na5 19. Kf2 Nc4 20. Re4 b5
21. Bxc4 bxc4 22. Rd6 a5 23. Rb6 Rc5 24. a3 Rec8 25. Rd4 Kh7 26. Bd6 Rf5 27.
Rf4 Rd8 28. Rd4 g5 29. Rc6 Rb5 30. Rc5 Rxc5 31. Bxc5 Rb8 32. Be7 Rb2 33. Rd2
Kg6 34. g3 Rb1 35. Bd8 a4 36. Be7 Rc1 37. Ke3 Rg1 38. Kf2 Rh1 39. Kg2 Rc1 40.
Kf2 Bf5 41. Ke3 Re1+ 42. Re2 Rg1 43. Bd6 Rf1 44. Bc7 Be6 45. Rh2 Bc8 46. Rf2
Rh1 47. hxg5 fxg5 48. f4 g4 49. Kd4 Bf5 50. Rg2 Be6 51. Kc5 Kf5 52. Re2 f6 53.
Rg2 h4 54. gxh4 Rxh4 55. Kb4 Rh7 56. Bd6 Rd7 57. Kc5 Rb7 58. Kd4 Rd7 59. Kc5
Rg7 60. Kd4 g3 61. Rg1 g2 62. Ke3 Bd5 63. Kf2 Rh7 64. Kg3 Be4 65. Bb8 Rb7 66.
Bd6 Rb2 67. Bc5 Rxc2 68. Bd4 Ra2 69. Bc5 Rd2 70. Bd4 Rd3+ 71. Kf2 Kxf4 72. Bxf6
Rd2+ 73. Ke1 Ra2 74. Be7 Ke3 75. Bc5+ Kd3 76. Bb4 Bf3 77. Ba5 Re2+ 0-1

[Event "Chinese League (Division A) 2019"]
[Site "China"]
[Date "2019.07.24"]
[Round "8"]
[White "Wang, Hao"]
[Black "Ding, Liren"]
[Result "1/2-1/2"]
[WhiteElo "2725"]
[BlackElo "2812"]
[PlyCount "66"]
[EventDate "2019.04.09"]
[WhiteTeam "Guangdong Shenzhen Longgang Chess team"]
[BlackTeam "Zhejiang team"]

1. e4 c5 2. Nf3 d6 3. d4 cxd4 4. Nxd4 Nf6 5. Nc3 Nc6 6. Bg5 e6 7. Qd2 a6 8.
O-O-O Bd7 9. f4 Be7 10. Be2 O-O 11. Bf3 Rc8 12. Nb3 Qb6 13. Bxf6 Bxf6 14. Qxd6
Be7 15. Qd2 Rfd8 16. Kb1 Bb4 17. a3 Be8 18. Qe1 Rxd1+ 19. Bxd1 Bf8 20. e5 Qc7
21. Ne4 b5 22. g4 a5 23. g5 a4 24. Nf6+ Kh8 25. Nxe8 Rxe8 26. Nc1 b4 27. axb4
Nxb4 28. c3 Nd5 29. Bxa4 Rb8 30. Bb3 Nxf4 31. Qe4 Ng6 32. h4 Nxe5 33. h5 Nd7
1/2-1/2

[Event "Chinese League (Division A) 2019"]
[Site "China"]
[Date "2019.07.24"]
[Round "8"]
[White "Wei, Yi"]
[Black "Rapport, Richard"]
[Result "0-1"]
[WhiteElo "2737"]
[BlackElo "2735"]
[PlyCount "146"]
[EventDate "2019.04.09"]
[WhiteTeam "Jiangsu team"]
[BlackTeam "Chengdu Beilei Youth Chess Club"]

1. e4 e5 2. Nf3 Nc6 3. Bb5 Nf6 4. O-O Nxe4 5. Re1 Nd6 6. Nxe5 Be7 7. Bf1 Nf5 8.
Nf3 O-O 9. d4 d5 10. Nc3 Bb4 11. h3 Nce7 12. Bd3 c6 13. a3 Ba5 14. Bd2 Ng6 15.
Ne2 Bc7 16. Qc1 Re8 17. c4 dxc4 18. Bxc4 Be6 19. Bxe6 Rxe6 20. Qc5 Ngh4 21.
Nxh4 Nxh4 22. Bg5 Nf3+ 23. gxf3 Rg6 24. h4 h6 25. Ng3 hxg5 26. h5 Bd6 27. Qf5
Rf6 28. Qxg5 Rxf3 29. Qxd8+ Rxd8 30. Kg2 Rb3 31. Nf5 Rxb2 32. Reb1 Rb6 33. Rxb6
axb6 34. Rb1 b5 35. a4 bxa4 36. Rxb7 Bf8 37. Ra7 Rd5 38. Ne3 Rxd4 39. Ra8 a3
40. Nf5 Rd7 41. Kf3 f6 42. Ke4 Kf7 43. Nd4 Rd5 44. Ra7+ Kg8 45. Nxc6 Rxh5 46.
f4 Kh7 47. Nd4 Bb4 48. Nc2 Bd6 49. Nd4 Rh1 50. Ne6 Rg1 51. Kd5 Be7 52. f5 Kg8
53. Nd4 Re1 54. Nc6 Bf8 55. Ra8 Kh7 56. Ra4 Rd1+ 57. Nd4 Rd2 58. Kc4 Rf2 59.
Ne6 Bd6 60. Kd5 Rd2+ 61. Kc4 g5 62. fxg6+ Kxg6 63. Ra6 Kf7 64. Nd8+ Ke8 65. Nc6
Kd7 66. Na7 Rb2 67. Kd5 Rd2+ 68. Kc4 Rc2+ 69. Kd3 Rb2 70. Nc6 a2 71. Nd4 Be5
72. Ra7+ Kd6 73. Ra6+ Kc5 0-1

[Event "Chinese League (Division A) 2019"]
[Site "China"]
[Date "2019.07.25"]
[Round "9"]
[White "Rapport, Richard"]
[Black "Wen, Yang"]
[Result "1/2-1/2"]
[WhiteElo "2735"]
[BlackElo "2586"]
[PlyCount "60"]
[EventDate "2019.04.09"]
[WhiteTeam "Chengdu Beilei Youth Chess Club"]
[BlackTeam "Shandong Jingzhi team"]

1. Nf3 d5 2. g3 g6 3. Bg2 Bg7 4. d4 Nf6 5. O-O O-O 6. c4 c6 7. Qb3 a5 8. cxd5
a4 9. Qd1 cxd5 10. Nc3 Ne4 11. Ng5 Nxg5 12. Bxg5 Nc6 13. Nxd5 Be6 14. e4 Bxd5
15. exd5 Nxd4 16. Rc1 Nf5 17. Rc2 a3 18. b3 Bf6 19. Bf4 Rc8 20. Rxc8 Qxc8 21.
Qd3 Qc5 22. Rc1 Qd4 23. Be4 Qxd3 24. Bxd3 Nd4 25. b4 g5 26. Be3 Rd8 27. Bxd4
Bxd4 28. Be4 Be5 29. Kf1 Bd6 30. b5 Ra8 1/2-1/2

[Event "Chinese League (Division A) 2019"]
[Site "China"]
[Date "2019.07.25"]
[Round "9"]
[White "Ding, Liren"]
[Black "Wei, Yi"]
[Result "1-0"]
[WhiteElo "2812"]
[BlackElo "2737"]
[PlyCount "127"]
[EventDate "2019.04.09"]
[WhiteTeam "Zhejiang team"]
[BlackTeam "Jiangsu team"]

1. d4 d5 2. c4 dxc4 3. Nf3 Nf6 4. e3 e6 5. Bxc4 c5 6. O-O Nc6 7. Nc3 a6 8. Bd3
cxd4 9. exd4 Be7 10. Bg5 O-O 11. Rc1 h6 12. Bf4 Bd6 13. Be5 Bxe5 14. dxe5 Nd7
15. Re1 Nc5 16. Re3 Nb4 17. Bb1 Qxd1+ 18. Rxd1 b6 19. a3 Nd5 20. Nxd5 exd5 21.
Nd4 g6 22. h4 Re8 23. Ba2 Bg4 24. f3 Be6 25. b4 Na4 26. Rd2 b5 27. f4 Nb6 28.
Rg3 Nc4 29. Bxc4 dxc4 30. f5 c3 31. Rc2 Bc4 32. fxg6 fxg6 33. Rxg6+ Kh7 34. Rf6
Rxe5 35. Rxc3 Rg8 36. Nf5 Rg6 37. Rxg6 Kxg6 38. Ne3 Re4 39. g3 Rd4 40. Kf2 Kf6
41. g4 h5 42. Kg3 Kg6 43. g5 Re4 44. Nxc4 Rg4+ 45. Kh3 Rxc4 46. Rd3 Kg7 47. Kg3
Rg4+ 48. Kh3 Rc4 49. Rd7+ Kg8 50. Rd8+ Kg7 51. Rd7+ Kg8 52. Rd6 Rc3+ 53. Kg2
Rxa3 54. Rg6+ Kf7 55. Rh6 Rb3 56. Rxh5 Rxb4 57. Kg3 Kg7 58. Rh6 a5 59. Ra6 a4
60. h5 Rc4 61. h6+ Kh7 62. Ra7+ Kh8 63. g6 Rc8 64. h7 1-0

[Event "Chinese League (Division A) 2019"]
[Site "China"]
[Date "2019.07.25"]
[Round "9"]
[White "Nguyen, Ngoc Truong Son"]
[Black "Wang, Hao"]
[Result "1/2-1/2"]
[WhiteElo "2636"]
[BlackElo "2725"]
[PlyCount "77"]
[EventDate "2019.04.09"]
[WhiteTeam "Beijing team"]
[BlackTeam "Guangdong Shenzhen Longgang Chess team"]

1. d4 Nf6 2. c4 e6 3. Nc3 Bb4 4. Qc2 O-O 5. a3 Bxc3+ 6. Qxc3 b6 7. Bg5 Bb7 8.
f3 h6 9. Bh4 d5 10. e3 Nbd7 11. cxd5 Nxd5 12. Bxd8 Nxc3 13. Bh4 Nd5 14. Bf2 c5
15. e4 Ne7 16. Ne2 f5 17. exf5 Nxf5 18. dxc5 Nxc5 19. Nc3 Rad8 20. Rd1 Rxd1+
21. Kxd1 Nb3 22. Bc4 Rd8+ 23. Ke1 Nbd4 24. Bxd4 Nxd4 25. Kf2 Kf7 26. Rd1 Ke7
27. Nb5 Nxb5 28. Rxd8 Kxd8 29. Bxb5 Ke7 30. Ke3 e5 31. g3 Kd6 32. f4 exf4+ 33.
gxf4 Ke7 34. Bd3 Kd6 35. Kd4 Bc6 36. Bc4 Bb7 37. Bd3 Bc6 38. Bc4 Bb7 39. Bd3
1/2-1/2

[Event "Chinese League (Division A) 2019"]
[Site "China"]
[Date "2019.07.25"]
[Round "9"]
[White "Yu, Yangyi"]
[Black "Xu, Yinglun"]
[Result "1-0"]
[WhiteElo "2736"]
[BlackElo "2562"]
[PlyCount "93"]
[EventDate "2019.04.09"]
[WhiteTeam "Beijing team"]
[BlackTeam "Guangdong Shenzhen Longgang Chess team"]

1. e4 e6 2. d4 d5 3. Nc3 Nf6 4. e5 Nfd7 5. f4 c5 6. Nf3 Nc6 7. Be3 a6 8. Qd2
Be7 9. Bd3 b5 10. a3 Bb7 11. O-O O-O 12. Kh1 f6 13. exf6 Bxf6 14. Bg1 cxd4 15.
Ne2 Nc5 16. Nexd4 Ne4 17. Qe2 Qd6 18. Nxc6 Bxc6 19. Bd4 Bxd4 20. Nxd4 Bb7 21.
Qe3 Rf6 22. Kg1 Raf8 23. g3 e5 24. fxe5 Qxe5 25. Rxf6 Rxf6 26. Rf1 h5 27. c3
Rxf1+ 28. Bxf1 Bc8 29. Bg2 Bf5 30. Qf4 Qxf4 31. gxf4 Bh7 32. Bxe4 Bxe4 33. Ne6
Kf7 34. Nc7 d4 35. cxd4 Bb7 36. f5 Bc8 37. Kf2 Bxf5 38. Nxa6 g5 39. b3 h4 40.
Nc5 Ke7 41. a4 bxa4 42. bxa4 Kd6 43. a5 Kc6 44. a6 Kb6 45. d5 Bc8 46. d6 g4 47.
d7 1-0

[Event "Chinese League (Division A) 2019"]
[Site "China"]
[Date "2019.07.25"]
[Round "9"]
[White "Matlakov, Maxim"]
[Black "Zeng, Chongsheng"]
[Result "1-0"]
[WhiteElo "2701"]
[BlackElo "2551"]
[PlyCount "85"]
[EventDate "2019.04.09"]
[WhiteTeam "China Mobil Shanghai Chess Club"]
[BlackTeam "Chongqing Sports lottery chess team"]

1. c4 Nf6 2. Nc3 e6 3. e4 c5 4. Nf3 Nc6 5. d4 cxd4 6. Nxd4 Bb4 7. Nxc6 dxc6 8.
Qxd8+ Kxd8 9. e5 Nd7 10. Bf4 Bxc3+ 11. bxc3 b6 12. h4 Ba6 13. h5 h6 14. Rh4 Ke7
15. Rg4 Rag8 16. O-O-O g5 17. hxg6 fxg6 18. Bg3 c5 19. f4 g5 20. Be2 Bb7 21.
Bf2 h5 22. Rxg5 Rxg5 23. Bh4 Rhg8 24. Bxg5+ Rxg5 25. fxg5 Nxe5 26. g3 Be4 27.
Bxh5 Nxc4 28. g6 Kf6 29. Rf1+ Kg7 30. Rf7+ Kh6 31. g7 Bh7 32. g4 a5 33. a4 e5
34. Re7 Bg8 35. Bf7 Bxf7 36. Rxf7 Kh7 37. Re7 Kg8 38. g5 Kh7 39. Kc2 Kg8 40.
Kd3 Nb2+ 41. Ke4 Nxa4 42. Kf5 Kh7 43. g6+ 1-0

[Event "Chinese League (Division A) 2019"]
[Site "China"]
[Date "2019.07.25"]
[Round "9"]
[White "Ni, Hua"]
[Black "Andreikin, Dmitry"]
[Result "1/2-1/2"]
[WhiteElo "2668"]
[BlackElo "2727"]
[PlyCount "88"]
[EventDate "2019.04.09"]
[WhiteTeam "China Mobil Shanghai Chess Club"]
[BlackTeam "Chongqing Sports lottery chess team"]

1. e4 e5 2. Nf3 Nc6 3. Bb5 Nf6 4. O-O Nxe4 5. Re1 Nd6 6. Nxe5 Be7 7. Bf1 Nf5 8.
Nc3 Nxe5 9. Rxe5 d6 10. Re1 c6 11. d4 d5 12. Ne2 O-O 13. c3 Re8 14. Bf4 Bf8 15.
Qd2 Be6 16. Ng3 Nxg3 17. Bxg3 Qd7 18. Re3 f6 19. Rae1 Bf7 20. Rxe8 Rxe8 21.
Rxe8 Qxe8 22. Qe2 Qe4 23. Qd1 Bg6 24. Be2 Bf5 25. Bf3 Qe6 26. h3 b5 27. Bg4
Bxg4 28. Qxg4 Qxg4 29. hxg4 Kf7 30. b4 Kg6 31. f3 f5 32. Bf4 fxg4 33. fxg4 h5
34. Kf2 hxg4 35. g3 Kf5 36. Ke3 Be7 37. Kd3 Bd8 38. Ke3 a5 39. a3 a4 40. Kd3
Bh4 41. Ke3 Be7 42. Kd3 Bxb4 43. cxb4 g5 44. Be3 Kg6 1/2-1/2

[Event "Chinese League (Division A) 2019"]
[Site "China"]
[Date "2019.07.26"]
[Round "10"]
[White "Liu, Qingnan"]
[Black "Jakovenko, Dmitry"]
[Result "1/2-1/2"]
[WhiteElo "2534"]
[BlackElo "2711"]
[PlyCount "82"]
[EventDate "2019.04.09"]
[WhiteTeam "Shandong Jingzhi team"]
[BlackTeam "Hangzhou Bank Team"]

1. Nf3 Nf6 2. g3 d5 3. Bg2 c6 4. O-O Bf5 5. b3 e6 6. c4 Nbd7 7. Bb2 h6 8. d3
Be7 9. Re1 O-O 10. Nc3 Bh7 11. d4 Ne4 12. Nd2 Nxd2 13. Qxd2 dxc4 14. e4 cxb3
15. axb3 Bb4 16. Qf4 Qe7 17. Red1 Rfd8 18. Qc7 Nb6 19. Qxe7 Bxe7 20. d5 cxd5
21. exd5 Bc2 22. Rdc1 Bxb3 23. dxe6 Bxe6 24. Nb5 Nc4 25. Bd4 Rd7 26. Bxa7 Rad8
27. h4 Bf6 28. Ra4 Nb2 29. Re4 Bf5 30. Bb6 Rf8 31. Re3 Bd3 32. Nc7 Na4 33. Nd5
Bb2 34. Rc7 Bf5 35. Rb3 Be5 36. Ne7+ Kh8 37. Rxb7 Rxb7 38. Bxb7 Be6 39. Bd5
Bxd5 40. Nxd5 Rb8 41. Rb4 Nxb6 1/2-1/2

[Event "Chinese League (Division A) 2019"]
[Site "China"]
[Date "2019.07.26"]
[Round "10"]
[White "Andreikin, Dmitry"]
[Black "Dai, Changren"]
[Result "1-0"]
[WhiteElo "2727"]
[BlackElo "2510"]
[PlyCount "83"]
[EventDate "2019.04.09"]
[WhiteTeam "Chongqing Sports lottery chess team"]
[BlackTeam "Zhihui Sports chess team of Tianjin"]

1. c4 e6 2. g3 Nf6 3. Bg2 d5 4. d4 Bb4+ 5. Nd2 O-O 6. Ngf3 dxc4 7. Qc2 a5 8.
Qxc4 Qd5 9. O-O Qxc4 10. Nxc4 b5 11. Nce5 Bb7 12. Bf4 Bd6 13. Rfc1 Na6 14. Nc6
Nb4 15. Nfe5 Nfd5 16. Bd2 Ra6 17. Nxb4 axb4 18. Nd3 b3 19. e4 Nb6 20. axb3 Rxa1
21. Rxa1 Ra8 22. Rxa8+ Bxa8 23. Ba5 Be7 24. Bxb6 cxb6 25. e5 Bxg2 26. Kxg2 f5
27. Kf3 Kf7 28. g4 g6 29. gxf5 gxf5 30. Ke3 Bg5+ 31. f4 Be7 32. Nc1 Ke8 33. Ne2
Kd7 34. d5 exd5 35. Nd4 Bc5 36. b4 Bxb4 37. Nxf5 Bc5+ 38. Nd4 b4 39. b3 Ke7 40.
f5 Kf7 41. Kd3 Ke7 42. Ne2 1-0

[Event "Chinese League (Division A) 2019"]
[Site "China"]
[Date "2019.07.26"]
[Round "10"]
[White "Peng, Xiongjian"]
[Black "Matlakov, Maxim"]
[Result "0-1"]
[WhiteElo "2467"]
[BlackElo "2701"]
[PlyCount "64"]
[EventDate "2019.04.09"]
[WhiteTeam "Chongqing Jiulongpo Yucai Chess team"]
[BlackTeam "China Mobil Shanghai Chess Club"]

1. d4 Nf6 2. Nf3 d5 3. c4 e6 4. Nc3 c6 5. Bg5 h6 6. Bh4 Nbd7 7. e3 g5 8. Bg3
Nh5 9. Rc1 Nxg3 10. hxg3 Bg7 11. Bd3 O-O 12. cxd5 exd5 13. g4 Re8 14. Kf1 Nf6
15. Ne5 Rxe5 16. dxe5 Nxg4 17. Qc2 Bxe5 18. Kg1 Qf6 19. Rh3 Bd6 20. Rh1 Bd7 21.
Rd1 Re8 22. Qd2 b5 23. a3 a5 24. Bb1 b4 25. axb4 axb4 26. Na4 d4 27. exd4 Bf4
28. Qc2 Nxf2 29. Qh7+ Kf8 30. Nb6 Bg4 31. Bf5 Bxf5 32. Kxf2 Be3+ 0-1

[Event "Chinese League (Division A) 2019"]
[Site "China"]
[Date "2019.07.26"]
[Round "10"]
[White "Wang, Hao"]
[Black "Zou, Chen"]
[Result "1/2-1/2"]
[WhiteElo "2725"]
[BlackElo "2440"]
[PlyCount "157"]
[EventDate "2019.04.09"]
[WhiteTeam "Guangdong Shenzhen Longgang Chess team"]
[BlackTeam "Hangzhou Hongda team"]

1. e4 c5 2. Nf3 d6 3. d4 cxd4 4. Nxd4 Nf6 5. Nc3 a6 6. Be3 e5 7. Nb3 Be6 8. f3
h5 9. Nd5 Bxd5 10. exd5 Nbd7 11. Qd2 g6 12. O-O-O Bg7 13. Kb1 O-O 14. Na5 Qc7
15. Be2 b5 16. g4 Nb6 17. g5 Nfxd5 18. Bxb6 Qxb6 19. Qxd5 Qxa5 20. Bd3 e4 21.
Bxe4 Rac8 22. Rd3 Qb4 23. Qb3 Qxb3 24. axb3 Be5 25. b4 Rc4 26. c3 Rfc8 27. h3
Kg7 28. Rg1 Kg8 29. Rd5 Rb8 30. Kc2 Rc7 31. Ra1 Rb6 32. Re1 Bg3 33. Re2 Re7 34.
Bd3 Rxe2+ 35. Bxe2 Kf8 36. Rd4 Be5 37. Re4 f5 38. gxf6 Bxf6 39. Re3 d5 40. f4
d4 41. Rg3 dxc3 42. bxc3 Bg7 43. Bd3 Kf7 44. f5 gxf5 45. Bxf5 h4 46. Rd3 a5 47.
bxa5 Ra6 48. Kb3 Bf8 49. Rd7+ Kf6 50. Bg4 Rxa5 51. Rb7 Ra3+ 52. Kb2 Ra5 53. Bd7
Bc5 54. Bxb5 Ra7 55. Rb8 Bd6 56. Rb6 Ke7 57. Be2 Kd7 58. Rb5 Bg3 59. Bf3 Rc7
60. Kb3 Kd6 61. Rd5+ Ke6 62. c4 Ke7 63. Rh5 Kd6 64. Kb4 Bf2 65. Rd5+ Ke7 66.
Bg4 Rc6 67. Rf5 Rf6 68. Rd5 Rb6+ 69. Kc3 Rd6 70. Rh5 Rf6 71. Kd3 Kd6 72. Ke4
Kc6 73. Bf3 Rf8 74. Rb5 Kd6 75. Rd5+ Kc6 76. Bg4 Re8+ 77. Kf5 Re3 78. Rd2 Bg3
79. Re2 1/2-1/2

[Event "Chinese League (Division A) 2019"]
[Site "China"]
[Date "2019.07.26"]
[Round "10"]
[White "Li, Di"]
[Black "Ding, Liren"]
[Result "0-1"]
[WhiteElo "2523"]
[BlackElo "2812"]
[PlyCount "73"]
[EventDate "2019.04.09"]
[WhiteTeam "Chengdu Beilei Youth Chess Club"]
[BlackTeam "Zhejiang team"]

1. Nf3 Nf6 2. c4 b6 3. g3 Bb7 4. Bg2 g6 5. O-O Bg7 6. Nc3 c5 7. Rb1 O-O 8. d3
d5 9. Ne5 e6 10. Bg5 Qc7 11. Bf4 Qc8 12. cxd5 Nxd5 13. Nxd5 Bxd5 14. e4 Bb7 15.
h4 Nc6 16. Nxc6 Bxc6 17. b4 cxb4 18. Rxb4 Qd7 19. a4 Rfc8 20. Be3 a5 21. Rxb6
Bxa4 22. Qg4 Bc6 23. h5 a4 24. h6 Bf8 25. Qg5 a3 26. Qf6 Qe7 27. Qa1 Be8 28. d4
a2 29. d5 e5 30. Bh3 Rc4 31. d6 Qa7 32. Rb2 Qa4 33. Rd2 Bc6 34. d7 Rc2 35. Qxe5
Rxd2 36. Bxd2 a1=Q 37. Bc3 0-1

[Event "Chinese League (Division A) 2019"]
[Site "China"]
[Date "2019.07.26"]
[Round "10"]
[White "Rapport, Richard"]
[Black "Lu, Shanglei"]
[Result "1/2-1/2"]
[WhiteElo "2735"]
[BlackElo "2619"]
[PlyCount "60"]
[EventDate "2019.04.09"]
[WhiteTeam "Chengdu Beilei Youth Chess Club"]
[BlackTeam "Zhejiang team"]

1. Nf3 Nf6 2. c4 e6 3. g3 d5 4. Bg2 Be7 5. d4 O-O 6. Qc2 c6 7. O-O dxc4 8. Qxc4
b5 9. Qd3 Bb7 10. Be3 Nbd7 11. Rc1 Nd5 12. Nbd2 h6 13. Nb3 Qb6 14. Nc5 Rfd8 15.
Nd2 Nxc5 16. dxc5 Qc7 17. Ne4 a5 18. a3 e5 19. Nd6 Bxd6 20. cxd6 Qxd6 21. Bc5
Qe6 22. Qc2 a4 23. Rd1 Rd7 24. h4 Rad8 25. Kh2 Nf6 26. Bh3 Rxd1 27. Rxd1 Qe8
28. Rxd8 Qxd8 29. Qd3 Qxd3 30. exd3 e4 1/2-1/2

[Event "Chinese League (Division A) 2019"]
[Site "China"]
[Date "2019.07.27"]
[Round "11"]
[White "Ding, Liren"]
[Black "Zhao, Jun"]
[Result "1-0"]
[WhiteElo "2812"]
[BlackElo "2636"]
[PlyCount "61"]
[EventDate "2019.04.09"]
[WhiteTeam "Zhejiang team"]
[BlackTeam "Shandong Jingzhi team"]

1. d4 Nf6 2. c4 e6 3. Nf3 b6 4. g3 Bb7 5. Bg2 Be7 6. O-O O-O 7. Nc3 Ne4 8. Bd2
Bf6 9. Re1 Re8 10. Rc1 Nxd2 11. Qxd2 d6 12. e4 Nd7 13. Rcd1 e5 14. Nd5 a5 15.
h4 exd4 16. Nxd4 Bxd4 17. Qxd4 Nc5 18. Qc3 Bxd5 19. cxd5 Qd7 20. b3 Qb5 21. Re3
Re7 22. a3 Rae8 23. Rde1 f5 24. exf5 Rxe3 25. Rxe3 Rxe3 26. Qxe3 Kf7 27. f6
gxf6 28. Bf3 Qd7 29. b4 axb4 30. axb4 Nb7 31. Qe6+ 1-0